[Event "Olimpiada Calviá 2004"]
[Site "Calviá ESP"]
[Date "2004.10.25"]
[Round "10.16"]
[White "Ducros Salva, Antonio"]
[Black "Hossain, Enamul"]
[Result "1-0"]
[WhiteElo "2204"]
[BlackElo "2413"]
[PlyCount "97"]
[EventDate "2004.10.15"]
[EventType "team"]
[EventRounds "14"]
[EventCountry "ESP"]
[Source "lmi"]
[SourceDate "2004.10.27"]

1. c4 c5 2. Nc3 Nc6 3. g3 g6 4. Bg2 Bg7 5. a3 d6 6. Rb1 a5 7. d3 e5 8. e3 h5 9.
h4 Nge7 10. Nge2 Bg4 11. Bd2 Rb8 12. Nd5 O-O 13. O-O b5 14. cxb5 Rxb5 15. Re1
Nxd5 16. Bxd5 Ne7 17. Bg2 Qb6 18. Qc2 Rb8 19. Bc3 Bxe2 20. Rxe2 Rb3 21. Rd1 d5
22. Qd2 Qa7 23. d4 cxd4 24. exd4 e4 25. Bh3 f5 26. Qf4 Qb6 27. Kh1 Kh7 28. f3
Rf8 29. Ree1 Rf6 30. Bf1 Nc6 31. Qd2 exf3 32. Qf4 Qd8 33. Bd3 Bh6 34. Qxf3 Kg7
35. Bc2 Rb7 36. Ba4 Rd6 37. Re5 Rb6 38. Bxc6 Rbxc6 39. Rde1 Rd7 40. Re8 Qc7 41.
R1e5 Qb7 42. Qe2 Kf7 43. R5e6 Bg7 44. Bxa5 Bxd4 45. Bb4 Rcc7 46. Rf8+ Kg7 47.
Rxg6+ Kxg6 48. Qe6+ Kh7 49. Qg8+ 1-0

[Event "Olimpiada Calviá 2004"]
[Site "Calviá ESP"]
[Date "2004.10.25"]
[Round "10.17"]
[White "Nedev, Trajce"]
[Black "Tyomkin, Dimitri"]
[Result "1/2-1/2"]
[WhiteElo "2528"]
[BlackElo "2505"]
[PlyCount "32"]
[EventDate "2004.10.15"]
[EventType "team"]
[EventRounds "14"]
[EventCountry "ESP"]
[Source "lmi"]
[SourceDate "2004.10.27"]

1. e4 c5 2. Nf3 d6 3. d4 cxd4 4. Nxd4 Nf6 5. Nc3 Nc6 6. Bg5 e6 7. Qd2 a6 8.
O-O-O Bd7 9. f3 Be7 10. Kb1 Qc7 11. h4 h6 12. Be3 h5 13. Bg5 Ne5 14. Qe1 b5 15.
Nce2 Rb8 16. Ng3 a5 1/2-1/2

[Event "Olimpiada Calviá 2004"]
[Site "Calviá ESP"]
[Date "2004.10.25"]
[Round "10.17"]
[White "Stanojoski, Zvonko"]
[Black "Zugic, Igor"]
[Result "0-1"]
[WhiteElo "2506"]
[BlackElo "2479"]
[PlyCount "96"]
[EventDate "2004.10.15"]
[EventType "team"]
[EventRounds "14"]
[EventCountry "ESP"]
[Source "lmi"]
[SourceDate "2004.10.27"]

1. e4 c5 2. Nf3 d6 3. d4 cxd4 4. Nxd4 Nf6 5. Nc3 Bd7 6. Bg5 e6 7. Qd2 a6 8.
O-O-O h6 9. Bxf6 Qxf6 10. f4 Nc6 11. e5 dxe5 12. Ndb5 Qd8 13. Nd6+ Bxd6 14.
Qxd6 exf4 15. Ne4 Qe7 16. Qd2 e5 17. Nd6+ Kf8 18. Nxf7 Kxf7 19. Qxd7 Rhd8 20.
Bc4+ Kf8 21. Qf5+ Qf6 22. Qe4 b5 23. Bd5 Rac8 24. Rhe1 Re8 25. Qh7 Nd8 26. Bb3
Nf7 27. Rd7 Re7 28. Bxf7 Kxf7 29. Rxe7+ Kxe7 30. Qe4 Rc6 31. a4 bxa4 32. Rd1
Kf8 33. Qxa4 Kg8 34. Rd7 Kh7 35. Qb3 Re6 36. Qb7 e4 37. Rf7 Qg5 38. Kb1 e3 39.
Qd7 Re5 40. h4 Qxg2 41. Qc7 Qh1+ 42. Ka2 Qd5+ 43. Kb1 Qxf7 44. Qxe5 f3 45. h5
f2 46. Qe4+ Kg8 47. Qa8+ Qf8 48. Qd5+ Kh8 0-1

[Event "Olimpiada Calviá 2004"]
[Site "Calviá ESP"]
[Date "2004.10.25"]
[Round "10.19"]
[White "Aleksandrov, Aleksej"]
[Black "Kozul, Zdenko"]
[Result "1/2-1/2"]
[WhiteElo "2659"]
[BlackElo "2640"]
[PlyCount "52"]
[EventDate "2004.10.15"]
[EventType "team"]
[EventRounds "14"]
[EventCountry "ESP"]
[Source "lmi"]
[SourceDate "2004.10.27"]

1. d4 Nf6 2. c4 g6 3. Nc3 Bg7 4. e4 d6 5. Bd3 O-O 6. Nge2 c6 7. O-O e5 8. d5 a5
9. f3 Na6 10. Be3 Nc5 11. Bc2 cxd5 12. cxd5 Bd7 13. a3 Rc8 14. Kh1 Ne8 15. b4
axb4 16. axb4 Na6 17. Qb1 f5 18. exf5 Bxf5 19. Bxf5 gxf5 20. Ra3 Qh4 21. b5 Nc5
22. b6 Kh8 23. Ra7 e4 24. fxe4 Nf6 25. Bf2 Qh6 26. exf5 Rfe8 1/2-1/2

[Event "Olimpiada Calviá 2004"]
[Site "Calviá ESP"]
[Date "2004.10.25"]
[Round "10.19"]
[White "Kovalev, Andrei"]
[Black "Stevic, Hrvoje"]
[Result "1-0"]
[WhiteElo "2575"]
[BlackElo "2539"]
[PlyCount "79"]
[EventDate "2004.10.15"]
[EventType "team"]
[EventRounds "14"]
[EventCountry "ESP"]
[Source "lmi"]
[SourceDate "2004.10.27"]

1. e4 e5 2. Nf3 d6 3. Nc3 Nf6 4. d4 exd4 5. Nxd4 Be7 6. Nde2 O-O 7. g3 b5 8.
Bg2 Bb7 9. O-O c6 10. a3 Qc7 11. Nd4 Re8 12. Nf5 Bf8 13. Bf4 Re6 14. g4 a5 15.
g5 Nfd7 16. Bg3 Na6 17. Re1 Nac5 18. Qd4 Rae8 19. Rad1 Ne5 20. Ne2 Rd8 21. Nf4
Ree8 22. Nh5 Ne6 23. Qc3 c5 24. b3 b4 25. axb4 axb4 26. Qd2 Qb6 27. Kh1 Kh8 28.
f4 Ng6 29. Qc1 Bc6 30. Qb2 Qb7 31. Qa1 Ra8 32. Qc1 Rad8 33. Qb2 d5 34. exd5
Rxd5 35. Rxd5 Bxd5 36. Nh4 Bxg2+ 37. Nxg2 c4 38. bxc4 Ngxf4 39. Bxf4 Nxf4 40.
Qxg7+ 1-0

[Event "Olimpiada Calviá 2004"]
[Site "Calviá ESP"]
[Date "2004.10.25"]
[Round "10.19"]
[White "Brkic, Ante"]
[Black "Dydyshko, Viacheslav"]
[Result "0-1"]
[WhiteElo "2454"]
[BlackElo "2581"]
[PlyCount "104"]
[EventDate "2004.10.15"]
[EventType "team"]
[EventRounds "14"]
[EventCountry "ESP"]
[Source "lmi"]
[SourceDate "2004.10.27"]

1. e4 c5 2. Nf3 d6 3. d4 cxd4 4. Nxd4 Nf6 5. Nc3 a6 6. Bg5 e6 7. f4 Qb6 8. Qd3
Nc6 9. O-O-O Bd7 10. Be2 Nxd4 11. Qxd4 Qxd4 12. Rxd4 Bc6 13. Rhd1 Be7 14. Bf3
h6 15. Bxf6 gxf6 16. Bh5 Rg8 17. g3 b5 18. Rxd6 Bxd6 19. Rxd6 Bd7 20. Bxf7+ Ke7
21. Rxd7+ Kxd7 22. Bxg8 Rxg8 23. Kd2 h5 24. Ne2 h4 25. a3 hxg3 26. hxg3 Rh8 27.
Kd3 Rh2 28. Kd2 Kd6 29. Kd3 Rf2 30. Ke3 Rf1 31. Kd2 Kc5 32. Kd3 a5 33. Kc3 Rb1
34. b3 e5 35. fxe5 fxe5 36. g4 Kc6 37. Kd3 Rh1 38. Ke3 a4 39. bxa4 bxa4 40. Nc3
Ra1 41. Kd3 Rxa3 42. g5 Kc5 43. Kd2 Kc4 44. Nd1 Rg3 45. Nb2+ Kb5 46. Nd3 a3 47.
Kc3 Ka4 48. g6 Rxg6 49. Nc5+ Kb5 50. Nd3 Ra6 51. Kb3 a2 52. c4+ Kb6 0-1

[Event "Olimpiada Calviá 2004"]
[Site "Calviá ESP"]
[Date "2004.10.25"]
[Round "10.20"]
[White "Sokolov, Ivan"]
[Black "Stefansson, Hannes"]
[Result "1/2-1/2"]
[WhiteElo "2663"]
[BlackElo "2549"]
[PlyCount "64"]
[EventDate "2004.10.15"]
[EventType "team"]
[EventRounds "14"]
[EventCountry "ESP"]
[Source "lmi"]
[SourceDate "2004.10.27"]

1. d4 Nf6 2. c4 e6 3. Nc3 Bb4 4. Qc2 O-O 5. a3 Bxc3+ 6. Qxc3 b6 7. Bg5 Bb7 8.
e3 d6 9. Ne2 Nbd7 10. Qc2 c5 11. Rd1 cxd4 12. Rxd4 Qc7 13. Nc3 a6 14. Qd1 d5
15. cxd5 Nxd5 16. Nxd5 Bxd5 17. e4 Bc6 18. Be7 Rfc8 19. Bd6 Qb7 20. f3 e5 21.
Rd2 b5 22. Qe2 a5 23. Qe3 b4 24. Be2 Bb5 25. O-O Bxe2 26. Qxe2 Nb6 27. Bxe5 Nc4
28. Rd5 Nxe5 29. Rxe5 bxa3 30. bxa3 Qb3 31. f4 Qxa3 32. Rd5 Qc3 1/2-1/2

[Event "Olimpiada Calviá 2004"]
[Site "Calviá ESP"]
[Date "2004.10.25"]
[Round "10.20"]
[White "Olafsson, Helgi"]
[Black "Tiviakov, Sergei"]
[Result "1/2-1/2"]
[WhiteElo "2531"]
[BlackElo "2617"]
[PlyCount "26"]
[EventDate "2004.10.15"]
[EventType "team"]
[EventRounds "14"]
[EventCountry "ESP"]
[Source "lmi"]
[SourceDate "2004.10.27"]

1. d4 Nf6 2. c4 e6 3. Nc3 Bb4 4. Qc2 d5 5. cxd5 Qxd5 6. Nf3 Qf5 7. Qxf5 exf5 8.
a3 Be7 9. Bg5 Be6 10. e3 c6 11. Bd3 Nbd7 12. Ke2 Nb6 13. Rhc1 a5 1/2-1/2

[Event "Olimpiada Calviá 2004"]
[Site "Calviá ESP"]
[Date "2004.10.25"]
[Round "10.21"]
[White "Short, Nigel D"]
[Black "Dao, Thien Hai"]
[Result "1/2-1/2"]
[WhiteElo "2687"]
[BlackElo "2601"]
[PlyCount "57"]
[EventDate "2004.10.15"]
[EventType "team"]
[EventRounds "14"]
[EventCountry "ESP"]
[Source "lmi"]
[SourceDate "2004.10.27"]

1. e4 e5 2. Nf3 Nf6 3. Nxe5 d6 4. Nf3 Nxe4 5. d4 d5 6. Bd3 Nc6 7. O-O Be7 8. c4
Nf6 9. cxd5 Nxd5 10. Nc3 O-O 11. Re1 Be6 12. a3 Re8 13. Qc2 h6 14. Rxe6 fxe6
15. Qe2 Bd6 16. Bd2 Nf6 17. Bc4 Kh8 18. Bxe6 Nxd4 19. Nxd4 Bxh2+ 20. Kxh2 Qxd4
21. Kg1 Rxe6 22. Qxe6 Qxd2 23. Qb3 Re8 24. Qxb7 Re1+ 25. Rxe1 Qxe1+ 26. Kh2
Qxf2 27. Qxc7 Qh4+ 28. Kg1 Ng4 29. Qc8+ 1/2-1/2

[Event "Olimpiada Calviá 2004"]
[Site "Calviá ESP"]
[Date "2004.10.25"]
[Round "10.21"]
[White "Dinh, Duc Trong"]
[Black "Hebden, Mark"]
[Result "1-0"]
[WhiteElo "2392"]
[BlackElo "2550"]
[PlyCount "109"]
[EventDate "2004.10.15"]
[EventType "team"]
[EventRounds "14"]
[EventCountry "ESP"]
[Source "lmi"]
[SourceDate "2004.10.27"]

1. g3 g6 2. Bg2 Bg7 3. d3 d5 4. Nd2 Nf6 5. e4 e5 6. exd5 Nxd5 7. Ne2 O-O 8. O-O
Nc6 9. Nc3 Nde7 10. a4 Nd4 11. Nc4 Nec6 12. Nb5 Ne6 13. Re1 a6 14. Nc3 Ned4 15.
Ne4 Rb8 16. a5 Be6 17. c3 Nb5 18. Qf3 Nd6 19. Nc5 Bxc4 20. dxc4 Qe7 21. Qe2 Nd8
22. f4 f6 23. b3 c6 24. Ba3 Qc7 25. fxe5 fxe5 26. Bh3 Nf5 27. Bb4 Qc8 28. Kg2
Rf7 29. Ne4 c5 30. Bxc5 Ne6 31. Bf2 Qc6 32. Kg1 Rbf8 33. Bg2 Qc8 34. Rf1 Bh6
35. Bb6 Neg7 36. Nf2 Ne6 37. Ng4 Bg7 38. Bd5 Kh8 39. Nf2 Nd6 40. Qg4 Rf5 41.
Ne4 Nxe4 42. Bxe4 Nd4 43. Bxf5 gxf5 44. Qd1 Nc6 45. Qd2 Qe6 46. Rad1 e4 47. Bd4
Nxd4 48. cxd4 e3 49. Qe2 f4 50. Rxf4 Rxf4 51. gxf4 Qe4 52. d5 Bd4 53. Rf1 Qg6+
54. Kh1 Qe8 55. Qd3 1-0

[Event "Olimpiada Calviá 2004"]
[Site "Calviá ESP"]
[Date "2004.10.25"]
[Round "10.22"]
[White "Gnusarev, Petr"]
[Black "Agdestein, Simen"]
[Result "0-1"]
[WhiteElo "2357"]
[BlackElo "2589"]
[PlyCount "74"]
[EventDate "2004.10.15"]
[EventType "team"]
[EventRounds "14"]
[EventCountry "ESP"]
[Source "lmi"]
[SourceDate "2004.10.27"]

1. d4 e6 2. c4 f5 3. g3 Nf6 4. Bg2 c6 5. Nf3 d5 6. O-O Bd6 7. Ne5 Nbd7 8. Bf4
Bxe5 9. dxe5 Ng4 10. Qd4 g5 11. Bd2 c5 12. Qc3 d4 13. Qc1 Rg8 14. b4 Ngxe5 15.
Na3 a6 16. e3 g4 17. bxc5 d3 18. Bb4 Nf6 19. Qc3 Nf3+ 20. Bxf3 gxf3 21. Rfd1
Ne4 22. Qd4 Kf7 23. c6 a5 24. Bc5 bxc6 25. Rxd3 Qg5 26. Nc2 Re8 27. Qe5 Qf6 28.
Qc7+ Kg6 29. Qxc6 Bb7 30. Qb6 Nxc5 31. Qxc5 Be4 32. Rad1 Bxd3 33. Rxd3 Rac8 34.
Qxa5 Rxc4 35. Qd2 Rb8 36. h3 Rb1+ 37. Kh2 Rb2 0-1

[Event "Olimpiada Calviá 2004"]
[Site "Calviá ESP"]
[Date "2004.10.25"]
[Round "10.22"]
[White "Johannessen, Leif Erlend"]
[Black "Kuderinov, Kirill"]
[Result "0-1"]
[WhiteElo "2519"]
[BlackElo "2323"]
[PlyCount "86"]
[EventDate "2004.10.15"]
[EventType "team"]
[EventRounds "14"]
[EventCountry "ESP"]
[Source "lmi"]
[SourceDate "2004.10.27"]

1. c4 c5 2. Nf3 Nf6 3. Nc3 Nc6 4. d4 cxd4 5. Nxd4 d6 6. e4 e5 7. Nc2 Be6 8. b3
Be7 9. g3 O-O 10. Bg2 a6 11. O-O Bg4 12. Qd3 Nd7 13. Ne3 Nc5 14. Qd2 Be6 15.
Bb2 Nd4 16. Ncd5 Bxd5 17. Nxd5 Nce6 18. f4 b5 19. Rac1 Rc8 20. cxb5 Rxc1 21.
Rxc1 Nxb5 22. Qf2 Nc5 23. Qe3 Bf6 24. a4 Nd4 25. Nxf6+ gxf6 26. b4 Ncb3 27. Rf1
Qb6 28. Kh1 Qxb4 29. fxe5 dxe5 30. Rxf6 Qd2 31. Qxd2 Nxd2 32. Bc3 Nc4 33. Rxa6
Rb8 34. h3 Rb1+ 35. Kh2 Rc1 36. Ra8+ Kg7 37. Bb4 Rc2 38. Bf8+ Kg6 39. Ra6+ f6
40. h4 Ne3 41. Kh3 Nxg2 42. Be7 Rf2 43. a5 h5 0-1

[Event "Olimpiada Calviá 2004"]
[Site "Calviá ESP"]
[Date "2004.10.25"]
[Round "10.22"]
[White "Temirbaev, Serik"]
[Black "Elsness, Frode"]
[Result "1/2-1/2"]
[WhiteElo "2468"]
[BlackElo "2425"]
[PlyCount "74"]
[EventDate "2004.10.15"]
[EventType "team"]
[EventRounds "14"]
[EventCountry "ESP"]
[Source "lmi"]
[SourceDate "2004.10.27"]

1. c4 Nf6 2. Nc3 d5 3. cxd5 Nxd5 4. g3 g6 5. Bg2 Nxc3 6. bxc3 Bg7 7. Nf3 O-O 8.
O-O Nd7 9. Qc2 c5 10. Rb1 Nb6 11. c4 Bd7 12. d3 Ba4 13. Qd2 Bc6 14. Qa5 Na4 15.
Qxd8 Rfxd8 16. Ng5 Nc3 17. Rb2 Bxg2 18. Kxg2 a6 19. a4 h6 20. Nf3 b6 21. Rxb6
Nxe2 22. Be3 Rxd3 23. Bxc5 Nc3 24. Bxe7 Nxa4 25. Rb7 Rc8 26. Ra7 Rxc4 27. Rxa6
Rd7 28. Re1 Nb2 29. Re2 Nd3 30. Bf6 Bxf6 31. Rxf6 Rc8 32. h4 Kg7 33. Rb6 h5 34.
Rb1 Rcd8 35. Rc2 Re8 36. Rd2 Red8 37. Rc2 Re8 1/2-1/2

[Event "Olimpiada Calviá 2004"]
[Site "Calviá ESP"]
[Date "2004.10.25"]
[Round "10.23"]
[White "Nevednichy, Vladislav"]
[Black "Johansen, Darryl K"]
[Result "1-0"]
[WhiteElo "2552"]
[BlackElo "2483"]
[PlyCount "111"]
[EventDate "2004.10.15"]
[EventType "team"]
[EventRounds "14"]
[EventCountry "ESP"]
[Source "lmi"]
[SourceDate "2004.10.27"]

1. e4 c5 2. Nf3 e6 3. d4 cxd4 4. Nxd4 a6 5. Bd3 Bc5 6. Be3 d6 7. O-O Nd7 8. Nc3
Ngf6 9. a3 Qc7 10. h3 O-O 11. Qd2 b5 12. b4 Bxd4 13. Bxd4 Bb7 14. f3 Rac8 15.
Ne2 d5 16. exd5 Bxd5 17. a4 Bc4 18. axb5 axb5 19. Ra7 Qc6 20. Bxc4 Qxc4 21. c3
Rfd8 22. Qa2 e5 23. Qxc4 Rxc4 24. Bf2 Nf8 25. Rb7 Rd2 26. Re1 N6d7 27. Rxb5 f6
28. Rb7 Kf7 29. b5 Kg6 30. b6 Ne6 31. Be3 Rd6 32. Rb1 Nd8 33. Rc7 Nxb6 34. Bxb6
Rxb6 35. Rxg7+ Kxg7 36. Rxb6 Kf7 37. Ng3 Ra4 38. Nf5 h5 39. h4 Ra2 40. Nd6+ Ke7
41. Ne4 Ne6 42. Rb7+ Kd8 43. g3 f5 44. Ng5 Nc7 45. Nf7+ Kc8 46. Nd6+ Kd7 47.
Nb5 Ra1+ 48. Kf2 Ra2+ 49. Ke3 Kc6 50. Rxc7+ Kxb5 51. Re7 f4+ 52. gxf4 exf4+ 53.
Kxf4 Kc6 54. Kg5 Ra5+ 55. Kg6 Kd6 56. Re4 1-0

[Event "Olimpiada Calviá 2004"]
[Site "Calviá ESP"]
[Date "2004.10.25"]
[Round "10.23"]
[White "Zhao, Zong-Yuan"]
[Black "Marin, Mihail"]
[Result "1-0"]
[WhiteElo "2410"]
[BlackElo "2511"]
[PlyCount "83"]
[EventDate "2004.10.15"]
[EventType "team"]
[EventRounds "14"]
[EventCountry "ESP"]
[Source "lmi"]
[SourceDate "2004.10.27"]

1. d4 g6 2. c4 Bg7 3. e4 c5 4. d5 d6 5. Nc3 Nf6 6. f3 O-O 7. Bg5 e6 8. Qd2 h6
9. Be3 exd5 10. cxd5 Re8 11. Bb5 Bd7 12. Bd3 Na6 13. Nge2 Kh7 14. O-O Nb4 15.
Bc4 Qb8 16. a3 Na6 17. Ng3 b5 18. Bd3 c4 19. Bc2 b4 20. axb4 Nxb4 21. Bb1 a5
22. Bd4 Qc7 23. f4 Ng4 24. Bxg7 Kxg7 25. Qd4+ Nf6 26. Kh1 h5 27. h3 Qa7 28. Qd2
h4 29. Nge2 Nh5 30. Ra3 Qb6 31. f5 Qd8 32. Nd1 Re5 33. Ne3 Qg5 34. Qd4 Nf6 35.
Nxc4 Bb5 36. fxg6 Bxc4 37. Qxc4 Rf8 38. Raf3 fxg6 39. Nd4 Qd2 40. Ne6+ Rxe6 41.
dxe6 Qxb2 42. e7 1-0

[Event "Olimpiada Calviá 2004"]
[Site "Calviá ESP"]
[Date "2004.10.25"]
[Round "10.23"]
[White "Lupulescu, Constantin"]
[Black "Smerdon, David"]
[Result "0-1"]
[WhiteElo "2560"]
[BlackElo "2425"]
[PlyCount "90"]
[EventDate "2004.10.15"]
[EventType "team"]
[EventRounds "14"]
[EventCountry "ESP"]
[Source "lmi"]
[SourceDate "2004.10.27"]

1. e4 e6 2. d4 d5 3. Nc3 Nf6 4. e5 Nfd7 5. Nce2 c5 6. c3 Nc6 7. f4 Qb6 8. Nf3
f6 9. g3 cxd4 10. cxd4 Bb4+ 11. Nc3 O-O 12. a3 Be7 13. Bh3 fxe5 14. Bxe6+ Kh8
15. Nxd5 Qd8 16. Bxd7 Bxd7 17. dxe5 Bg4 18. O-O Bc5+ 19. Be3 Bxe3+ 20. Nxe3 Qb6
21. Qd2 Bxf3 22. Rxf3 Nd4 23. Rff1 Nb3 24. Qe2 Nxa1 25. Rxa1 g5 26. Rf1 gxf4
27. gxf4 Rf5 28. Kh1 Rf7 29. f5 Rg8 30. e6 Rfg7 31. Qf3 Rg5 32. b4 Qd6 33. Nd5
Rg3 34. Qd1 R3g4 35. Qf3 Qe5 36. e7 Rh4 37. Nf4 Qxe7 38. Qc3+ Qg7 39. f6 Qf7
40. Qe5 b6 41. b5 Rhg4 42. h3 Rg3 43. Kh2 Qa2+ 44. Ne2 Rg2+ 45. Kh1 Rxe2 0-1

[Event "Olimpiada Calviá 2004"]
[Site "Calviá ESP"]
[Date "2004.10.25"]
[Round "10.24"]
[White "Bachmann, Axel"]
[Black "Ricardi, Pablo"]
[Result "0-1"]
[WhiteElo "2282"]
[BlackElo "2548"]
[PlyCount "142"]
[EventDate "2004.10.15"]
[EventType "team"]
[EventRounds "14"]
[EventCountry "ESP"]
[Source "lmi"]
[SourceDate "2004.10.27"]

1. e4 c5 2. Nf3 d6 3. d4 cxd4 4. Qxd4 Nc6 5. Bb5 Bd7 6. Bxc6 bxc6 7. O-O Qb6 8.
Qd3 Rd8 9. c4 Bc8 10. Nc3 Nf6 11. Rd1 e5 12. Be3 Qc7 13. h3 Be7 14. Rac1 O-O
15. b4 h6 16. b5 cxb5 17. Nxb5 Qb7 18. Nd2 a6 19. Nc3 Bd7 20. Rb1 Qa8 21. Bb6
Rc8 22. a4 Be6 23. a5 Kh8 24. Qe2 Rfe8 25. Rb2 Qc6 26. Nd5 Nd7 27. Nf3 Nc5 28.
Qc2 Bf8 29. Rb4 Nd7 30. Qe2 Be7 31. Rb2 Kh7 32. Qd3 Nc5 33. Bxc5 Qxc5 34. Nxe7
Rxe7 35. Rb6 Qxa5 36. Rxd6 Bxc4 37. Qc2 Qc7 38. Qb2 Rb8 39. Qd2 f6 40. Nh4 Rb6
41. Rd8 Be6 42. Nf5 Bxf5 43. exf5 Rb8 44. Rxb8 Qxb8 45. Qa5 Qc8 46. g4 Rc7 47.
Qa3 Rc5 48. Qa2 Qb7 49. Kh2 Rc3 50. Rd8 Rb3 51. Qa4 Qb5 52. Qxb5 axb5 53. Rb8
h5 54. Kg2 hxg4 55. hxg4 Kh6 56. f3 Kg5 57. Rb7 Kf4 58. Rxg7 Rxf3 59. Rg6 e4
60. Rxf6 Kxg4 61. Rb6 Rxf5 62. Rb8 Re5 63. Kf2 Kf4 64. Ke2 Rh5 65. Rb7 Rh2+ 66.
Kd1 Kf3 67. Rxb5 Rh1+ 68. Kc2 e3 69. Rf5+ Ke4 70. Rf8 e2 71. Re8+ Kf3 0-1

[Event "Olimpiada Calviá 2004"]
[Site "Calviá ESP"]
[Date "2004.10.25"]
[Round "10.24"]
[White "Sorin, Ariel"]
[Black "Patriarca, Luis"]
[Result "1/2-1/2"]
[WhiteElo "2509"]
[BlackElo "2259"]
[PlyCount "96"]
[EventDate "2004.10.15"]
[EventType "team"]
[EventRounds "14"]
[EventCountry "ESP"]
[Source "lmi"]
[SourceDate "2004.10.27"]

1. d4 Nf6 2. c4 e6 3. Nf3 d5 4. Nc3 Bb4 5. cxd5 exd5 6. Bg5 Nbd7 7. Rc1 c6 8.
a3 Bd6 9. e3 O-O 10. Bd3 Re8 11. Qc2 Nf8 12. Bh4 Bg4 13. Nd2 Bh5 14. Bg3 Bg6
15. O-O Bxd3 16. Qxd3 Bxg3 17. hxg3 Qd7 18. f3 Re7 19. Rfe1 Rae8 20. Kf2 Qd6
21. b4 N6d7 22. Na4 b5 23. Nc5 Nb6 24. e4 f6 25. Qc3 Nc4 26. Nxc4 bxc4 27. f4
Qb8 28. f5 Kh8 29. Rc2 g6 30. Qf3 Kg7 31. fxg6 hxg6 32. Rce2 Qd8 33. exd5 Rxe2+
34. Rxe2 Rxe2+ 35. Kxe2 cxd5 36. a4 Kf7 37. Qe3 Qc8 38. b5 Ne6 39. a5 Nxc5 40.
dxc5 Qg4+ 41. Kd2 d4 42. Qf4 c3+ 43. Kc1 Qe2 44. Qc7+ Kg8 45. Qd8+ Kg7 46. Qd7+
Kg8 47. Qd8+ Kg7 48. Qd7+ Kg8 1/2-1/2

[Event "Olimpiada Calviá 2004"]
[Site "Calviá ESP"]
[Date "2004.10.25"]
[Round "10.24"]
[White "Ferreira, Oscar"]
[Black "Pierrot, Facundo"]
[Result "1/2-1/2"]
[WhiteElo "2284"]
[BlackElo "2436"]
[PlyCount "128"]
[EventDate "2004.10.15"]
[EventType "team"]
[EventRounds "14"]
[EventCountry "ESP"]
[Source "lmi"]
[SourceDate "2004.10.27"]

1. Nf3 c5 2. g3 Nc6 3. d4 cxd4 4. Nxd4 g6 5. c4 Bg7 6. Nc2 d6 7. Bg2 Nf6 8. Nc3
O-O 9. O-O Bd7 10. Qd2 a6 11. b3 Qa5 12. Bb2 Rac8 13. Rfd1 b5 14. cxb5 axb5 15.
Bxc6 Rxc6 16. Nd5 Qd8 17. Nxf6+ exf6 18. Nb4 Rc8 19. Qxd6 Be6 20. Qxd8 Rfxd8
21. Rxd8+ Rxd8 22. Nd3 Bf5 23. Rd1 Ra8 24. a3 Re8 25. Kf1 Bh3+ 26. Ke1 Bg4 27.
Rd2 Rc8 28. f3 Be6 29. b4 Bc4 30. Nc5 Ra8 31. Rc2 Ra7 32. Kf2 Bf8 33. Ne4 f5
34. Nf6+ Kg7 35. Nd7+ Kg8 36. Nf6+ Kg7 37. Ng4+ Kg8 38. Ne3 Be6 39. Rd2 f6 40.
Nd5 Kf7 41. Ne3 Be7 42. Rd3 g5 43. Bd4 Rc7 44. Rc3 Rxc3 45. Bxc3 h5 46. Bd4 Bd6
47. Nd1 f4 48. Nc3 fxg3+ 49. hxg3 Bd7 50. Ne4 Be7 51. Nc3 Ke6 52. e4 Bc6 53. f4
Bd6 54. Ke3 gxf4+ 55. gxf4 f5 56. Bc5 Bb8 57. Ne2 Bxe4 58. Ng3 h4 59. Nxe4 fxe4
60. Kxe4 h3 61. f5+ Kf7 62. Bg1 h2 63. Bxh2 Bxh2 64. Kd5 Bf4 1/2-1/2

[Event "Olimpiada Calviá 2004"]
[Site "Calviá ESP"]
[Date "2004.10.25"]
[Round "10.25"]
[White "Goh, Weiming"]
[Black "Palo, Davor"]
[Result "1/2-1/2"]
[WhiteElo "2353"]
[BlackElo "2526"]
[PlyCount "96"]
[EventDate "2004.10.15"]
[EventType "team"]
[EventRounds "14"]
[EventCountry "ESP"]
[Source "lmi"]
[SourceDate "2004.10.27"]

1. e4 c6 2. c4 d5 3. exd5 cxd5 4. cxd5 Nf6 5. Nc3 Nxd5 6. Nf3 e6 7. Bc4 Be7 8.
O-O O-O 9. d4 Nc6 10. Re1 Bf6 11. Ne4 b6 12. Bxd5 Qxd5 13. Nxf6+ gxf6 14. Bh6
Rd8 15. Ne5 Ne7 16. Qh5 Ng6 17. Ng4 Qxh5 18. Nxf6+ Kh8 19. Nxh5 Bb7 20. Rac1
Rac8 21. f3 Kg8 22. Bg5 Rxc1 23. Rxc1 Rc8 24. Rxc8+ Bxc8 25. Bh6 Ne7 26. Nf6+
Kh8 27. Kf2 Nd5 28. Nxd5 exd5 29. Bf4 Kg7 30. Bb8 a6 31. Bc7 b5 32. Ke3 Bf5 33.
Kf4 Bb1 34. a3 f6 35. Ke3 Kf7 36. Kd2 Ke7 37. Kc3 Kd7 38. Bb6 Ba2 39. Kb4 Kc6
40. Bd8 f5 41. Kc3 Bc4 42. Kd2 Bf1 43. g3 Kd7 44. Ba5 Ke6 45. Ke3 h5 46. Kf4
Be2 47. h3 Bd1 48. Bd8 Be2 1/2-1/2

[Event "Olimpiada Calviá 2004"]
[Site "Calviá ESP"]
[Date "2004.10.25"]
[Round "10.25"]
[White "Pedersen, Nicolai Vesterbaek"]
[Black "Yeo Min-Yang, Evan"]
[Result "1-0"]
[WhiteElo "2466"]
[BlackElo "2245"]
[PlyCount "153"]
[EventDate "2004.10.15"]
[EventType "team"]
[EventRounds "14"]
[EventCountry "ESP"]
[Source "lmi"]
[SourceDate "2004.10.27"]

1. d4 d5 2. c4 dxc4 3. Nf3 Nf6 4. e3 e6 5. Bxc4 c5 6. O-O Nc6 7. Nc3 a6 8. Qe2
b5 9. Bb3 Bb7 10. Rd1 Qc7 11. d5 exd5 12. Nxd5 Nxd5 13. Bxd5 Be7 14. e4 O-O 15.
e5 Nb4 16. Bxb7 Qxb7 17. e6 Bf6 18. a3 Nc6 19. Rd7 Qc8 20. exf7+ Rxf7 21. Rxf7
Kxf7 22. Qc2 Nd4 23. Nxd4 Bxd4 24. Be3 Bxe3 25. fxe3 Kg8 26. Rd1 Qc6 27. Qf5
Re8 28. Rd7 Rf8 29. Qd3 h6 30. Rd6 Qa8 31. h3 Qb7 32. Qg6 Qe7 33. Qg3 Rf6 34.
Rd5 c4 35. Rd4 Kh7 36. a4 Qb4 37. Rg4 Qe7 38. axb5 axb5 39. Rd4 Rg6 40. Qf4 Qb4
41. Qf2 Qb3 42. Rd8 Rf6 43. Qd2 b4 44. Rc8 Re6 45. Kf2 Rf6+ 46. Kg1 Re6 47. Kf2
Rf6+ 48. Ke2 Rg6 49. g4 Rb6 50. h4 Ra6 51. Kf3 Rb6 52. Qd4 Rf6+ 53. Ke4 Qc2+
54. Kd5 Qg2+ 55. Kc5 Rg6 56. Qxc4 Rxg4 57. Qg8+ Kg6 58. Qe8+ Kh7 59. h5 Rg5+
60. Kb6 Rxh5 61. Qxh5 Qe4 62. Qe8 Qf3 63. Qg8+ Kg6 64. Qe6+ Kh5 65. Rc2 Qg3 66.
Rc5+ g5 67. Rc6 b3 68. Qxh6+ Kg4 69. Qe6+ Kf3 70. Qd5+ Ke2 71. Qc4+ Kd2 72.
Qd4+ Ke2 73. Rd6 Kf3 74. Rf6+ Ke2 75. Rd6 Kf3 76. Qd1+ Ke4 77. Qd5+ 1-0

[Event "Olimpiada Calviá 2004"]
[Site "Calviá ESP"]
[Date "2004.10.25"]
[Round "10.27"]
[White "Mecking, Henrique"]
[Black "Megaranto, Susanto"]
[Result "0-1"]
[WhiteElo "2557"]
[BlackElo "2439"]
[PlyCount "88"]
[EventDate "2004.10.15"]
[EventType "team"]
[EventRounds "14"]
[EventCountry "ESP"]
[Source "lmi"]
[SourceDate "2004.10.27"]

1. d4 d5 2. c4 c6 3. Nf3 Nf6 4. Nc3 dxc4 5. a4 Bf5 6. Ne5 Nbd7 7. Nxc4 Nb6 8.
Ne5 e6 9. f3 Nfd7 10. Nxd7 Nxd7 11. e4 Bg6 12. Be3 Bd6 13. Be2 Qc7 14. Kf2 O-O
15. g3 e5 16. d5 f5 17. Kg2 fxe4 18. Nxe4 Bxe4 19. fxe4 Bc5 20. Bxc5 Nxc5 21.
dxc6 Rad8 22. Qc2 Qxc6 23. Rad1 Qxe4+ 24. Qxe4 Nxe4 25. Bf3 Nf6 26. Bxb7 Rxd1
27. Rxd1 Rb8 28. Bd5+ Kf8 29. b3 Rd8 30. Bf3 Rxd1 31. Bxd1 Ke7 32. b4 Nd5 33.
Kf3 Nxb4 34. Ke4 Kd6 35. Bb3 Na6 36. Bg8 Nc5+ 37. Kf5 Nxa4 38. Bxh7 Nc3 39. Bg8
e4 40. h4 e3 41. Bc4 a5 42. g4 a4 43. h5 a3 44. g5 e2 0-1